Mario kart Wii cups - Statistics

General Stats
  • This quiz has been taken 45 times
  • The average score is 7 of 8
Answer Stats
Answer % Correct
Mushroom
97%
Star
91%
Leaf
88%
Lightning
79%
Shell
76%
Flower
74%
Special
74%
Banana
71%
No matching quizzes found
Score Distribution
Percent of People with Each Score
Percentile by Number Answered
Your Score History
You have not taken this quiz